UBT Library

The enduring vision : (Record no. 39717)

000 -LEADER
fixed length control field 00704nam a2200241 a 4500
001 - CONTROL NUMBER
control field 2587142
005 - DATE AND TIME OF LATEST TRANSACTION
control field 20180104072312.0
008 - FIXED-LENGTH DATA ELEMENTS--GENERAL INFORMATION
fixed length control field 960511r19961996mauab b 001 0 eng
010 ## - LIBRARY OF CONGRESS CONTROL NUMBER
LC control number 96147501
020 ## - INTERNATIONAL STANDARD BOOK NUMBER
International Standard Book Number 0669415901
040 ## - CATALOGING SOURCE
Original cataloging agency DLC
Transcribing agency DLC
Modifying agency DLC
041 ## - LANGUAGE CODE
Language code of text/sound track or separate title eng
043 ## - GEOGRAPHIC AREA CODE
Geographic area code n-us---
080 ## - UNIVERSAL DECIMAL CLASSIFICATION NUMBER
Universal Decimal Classification number 973.9 BOY
082 00 - DEWEY DECIMAL CLASSIFICATION NUMBER
Classification number 973.9 BOY
Edition number 20
100 ## - Rafti
Rafti 16
101 ## - Shkurtesa
Shkurtesa HIS
245 04 - TITLE STATEMENT
Title The enduring vision :
Statement of responsibility, etc Paul S. Boyer ... [et al.].
504 ## - BIBLIOGRAPHY, ETC. NOTE
Bibliography, etc Includes bibliographical references and index.
906 ## - LOCAL DATA ELEMENT F, LDF (RLIN)
a 7
b cbc
c orignew
d 2
e ncip
f 19
g y-gencatlg
942 ## - ADDED ENTRY ELEMENTS (KOHA)
Source of classification or shelving scheme
Item type Books
Holdings
Withdrawn status Lost status Source of classification or shelving scheme Damaged status Not for loan Collection code Permanent location Current location Shelving location Date acquired Total Checkouts Full call number Barcode Date last seen Price effective from Koha item type
          Koleksioni i përgjithshem UBT - Lipjan UBT - Lipjan Koleksioni i përgjithshem 01/04/2018   973.9 BOY 002-29707 01/04/2018 01/04/2018 Books
UBT Library © 2015-2024. All rights reserved University Education for Business and Technology